[Event "Mondiale Lampo FIDE 2019"]
[Site "Mosca"]
[Date "30.12.2019"]
[Round "16.73"]
[White "Kazakouski, Valery"]
[Black "Guseinov, Gadir"]
[Result "1-0"]
[WhiteTitle "IM"]
[BlackTitle "GM"]
[WhiteElo "2485"]
[BlackElo "2666"]
[WhiteFideId "13507443"]
[BlackFideId "13401378"]
[EventDate "2019.12.29"]

1. d4 Nf6 2. Nf3 g6 3. c4 Bg7 4. g3 O-O 5. Bg2 d6 6. O-O Nc6 7. Nc3 Bf5 8. Be3
Ne4 9. Nxe4 Bxe4 10. d5 Na5 11. b3 c5 12. Bh3 Bxf3 13. exf3 a6 14. Rc1 b5 15.
Rc2 bxc4 16. bxc4 Rb8 17. f4 Qc7 18. f5 Rb4 19. Qd3 Rfb8 20. fxg6 hxg6 21. Bg4
Rb2 22. Rfc1 Rxc2 23. Rxc2 Qb6 24. Kg2 Qb1 25. Qe2 Rb2 26. Rxb2 Bxb2 27. Bd2
Qxa2 28. Bxa5 Qxa5 29. Qxb2 Qe1 30. Qe2 Qc1 31. Qxe7 Qxc4 32. Bf3 a5 33. Qxd6 a4
34. Qb8+ Kg7 35. Qe5+ Kh7 36. d6 a3 37. d7 Qd3 38. Qd5 1-0

[Event "Mondiale Lampo FIDE 2019"]
[Site "Mosca"]
[Date "30.12.2019"]
[Round "16.74"]
[White "Narayanan, Srinath"]
[Black "Tran, Tuan Minh"]
[Result "0-1"]
[WhiteTitle "GM"]
[BlackTitle "GM"]
[WhiteElo "2529"]
[BlackElo "2529"]
[WhiteFideId "5018420"]
[BlackFideId "12401820"]
[EventDate "2019.12.29"]

1. e4 c5 2. Nf3 d6 3. Bb5+ Bd7 4. Bxd7+ Qxd7 5. c4 Nf6 6. Nc3 g6 7. d4 cxd4 8.
Nxd4 Bg7 9. f3 O-O 10. Be3 Nc6 11. O-O Rfe8 12. Rc1 Rad8 13. b3 e6 14. Qd2 a6
15. Rfd1 Ne7 16. Na4 b5 17. cxb5 axb5 18. Nb6 Qb7 19. Nxb5 d5 20. e5 d4 21. exf6
Bxf6 22. Nxd4 Nf5 23. Nc4 Nxd4 24. Qf2 Nf5 25. Bb6 Rc8 26. g4 Bh4 27. Qe2 Rxc4
28. Rxc4 Qxb6+ 29. Kh1 Ne3 30. Rcd4 Nxd1 31. Qxd1 Bf6 32. Rd2 Kg7 33. Kg2 Rc8
34. Qe2 Rc1 35. Kh3 h5 36. gxh5 Qc5 37. f4 Rg1 0-1

[Event "Mondiale Lampo FIDE 2019"]
[Site "Mosca"]
[Date "30.12.2019"]
[Round "16.75"]
[White "Guliyev, Namig"]
[Black "Xu, Yinglun"]
[Result "0-1"]
[WhiteTitle "GM"]
[BlackTitle "GM"]
[WhiteElo "2548"]
[BlackElo "2555"]
[WhiteFideId "13400363"]
[BlackFideId "8604940"]
[EventDate "2019.12.29"]

1. e4 e6 2. d4 d5 3. Nc3 Nf6 4. e5 Nfd7 5. f4 c5 6. Nf3 Nc6 7. Be3 a6 8. Qd2 b5
9. dxc5 Bxc5 10. Ne2 Qb6 11. Bxc5 Nxc5 12. Ned4 Bd7 13. Bd3 b4 14. Qe3 a5 15.
O-O Nxd4 16. Nxd4 O-O 17. Kh1 f6 18. exf6 Rxf6 19. Nf3 Bb5 20. Rae1 Raf8 21. g3
Bxd3 22. cxd3 Qb5 23. Ne5 Nd7 24. Nf3 Qa4 25. Qa7 Qb5 26. Nd4 Qc5 27. Qxc5 Nxc5
28. Re3 g5 29. Ne2 gxf4 30. gxf4 Na4 31. Rg1+ Kh8 32. b3 Nc3 33. Nd4 Rxf4 34.
Nxe6 Rf3 35. Ree1 Re8 36. d4 Rf2 37. Re5 Rg8 38. Rgg5 Rxg5 39. Nxg5 Rxa2 40. Re7
Kg8 41. Nxh7 Rf2 42. Ng5 a4 43. bxa4 b3 44. Re8+ Rf8 45. Re1 b2 46. Ne6 Re8 47.
Rg1+ Kh8 48. Nc7 Rg8 0-1

[Event "Mondiale Lampo FIDE 2019"]
[Site "Mosca"]
[Date "30.12.2019"]
[Round "16.76"]
[White "Pogosyan, Stefan"]
[Black "Donchenko, Alexander"]
[Result "1/2-1/2"]
[WhiteTitle "IM"]
[BlackTitle "GM"]
[WhiteElo "2459"]
[BlackElo "2644"]
[WhiteFideId "34159867"]
[BlackFideId "24603295"]
[EventDate "2019.12.29"]

1. b3 g6 2. Bb2 Nf6 3. d4 Bg7 4. Nf3 b6 5. c4 Bb7 6. e3 O-O 7. Be2 c5 8. O-O
cxd4 9. exd4 d5 10. Nbd2 Nc6 11. a3 Rc8 12. Rc1 Qd6 13. c5 bxc5 14. dxc5 Qb8 15.
b4 a6 16. Qa4 e5 17. h3 Qc7 18. Rfe1 Rfe8 19. b5 axb5 20. Bxb5 Nd7 21. Qh4 h6
22. Nb3 f5 23. Rcd1 d4 24. Bc4+ Kf8 25. Qg3 g5 26. Nxg5 hxg5 27. Qxg5 Ne7 28.
Qh5 Bd5 29. Bxd5 Nxd5 30. Qxf5+ N7f6 31. Nd2 Qxc5 32. Ne4 Qe7 33. Ng5 Qd7 34.
Rxe5 Qxf5 35. Rxf5 Nc3 36. Rd2 Rb8 37. Nf3 Red8 38. Kh2 Ne4 39. Rxd4 Rxd4 40.
Bxd4 Kg8 41. Bxf6 Nxf6 42. a4 Ne4 43. Ng5 Nd6 44. Rd5 Nc4 45. f4 Ra8 46. Ne6 Bf6
47. a5 Nxa5 48. g4 Nc6 49. g5 Be7 50. Kg3 Kf7 51. f5 Ra3+ 52. Kg4 Ra4+ 53. Kh5
Ra3 54. h4 Rg3 55. Kh6 Nb4 56. Rd7 Nc6 57. h5 Ne5 58. Rd5 Ng4+ 59. Kh7 Rh3 60.
Nf4 Bxg5 61. Nxh3 Nf6+ 62. Kh8 Bh6 63. Ng5+ Bxg5 64. Ra5 Nxh5 65. Ra7+ Kf6 66.
Kh7 Kxf5 67. Ra5+ Kg4 68. Rxg5+ Kxg5 1/2-1/2

[Event "Mondiale Lampo FIDE 2019"]
[Site "Mosca"]
[Date "30.12.2019"]
[Round "16.77"]
[White "Huzman, Alexander"]
[Black "Batchuluun, Tsegmed"]
[Result "1/2-1/2"]
[WhiteTitle "GM"]
[BlackTitle "GM"]
[WhiteElo "2567"]
[BlackElo "2530"]
[WhiteFideId "2803828"]
[BlackFideId "4900847"]
[EventDate "2019.12.29"]

1. d4 Nf6 2. Nf3 e6 3. g3 b5 4. Bg2 Bb7 5. O-O c5 6. Bg5 d5 7. c3 Nbd7 8. a4 b4
9. a5 Be7 10. a6 Bc6 11. dxc5 bxc3 12. Nxc3 Bxc5 13. Nd4 Bxd4 14. Qxd4 O-O 15.
Rfc1 h6 16. Bf4 Re8 17. Bd6 e5 18. Qb4 Rc8 19. e3 Nb6 20. Bc5 Nfd7 21. Bxb6 Qxb6
22. Qxb6 Nxb6 23. Bh3 Rcd8 24. Ne4 Bb5 25. Nc5 d4 26. e4 Rd6 27. Nb7 Rc6 28. Bf1
Rxc1 29. Rxc1 Bxf1 30. Kxf1 Rb8 31. Rc7 Rc8 32. Rxc8+ Nxc8 33. Ke2 Kf8 34. Kd3
Ke7 35. f4 f6 36. b4 Kd7 37. Nc5+ Kc6 38. Ne6 g5 39. f5 Kb5 40. g4 Kxb4 41. Nd8
Kb5 42. Nf7 Kxa6 43. Nxh6 Nd6 44. Ng8 Ne8 45. Ne7 Kb5 46. Ng6 a5 47. h4 gxh4 48.
Nxh4 a4 49. Nf3 a3 50. Kc2 Kb4 51. Ne1 Nd6 52. Nd3+ Kc4 53. g5 fxg5 54. Nxe5+
Kb5 55. f6 g4 56. Nxg4 d3+ 57. Kb3 d2 58. Ne3 Nf7 59. Kxa3 Kc5 60. Kb3 Kd4 61.
Nd1 Kxe4 62. Kc2 1/2-1/2

[Event "Mondiale Lampo FIDE 2019"]
[Site "Mosca"]
[Date "30.12.2019"]
[Round "16.78"]
[White "Suleymanli, Aydin"]
[Black "Vokhidov, Shamsiddin"]
[Result "1-0"]
[WhiteTitle "IM"]
[BlackTitle "IM"]
[WhiteElo "2473"]
[BlackElo "2526"]
[WhiteFideId "13413937"]
[BlackFideId "14204223"]
[EventDate "2019.12.29"]

1. d4 d5 2. Nf3 e6 3. Bf4 Bd6 4. Bg3 Nf6 5. e3 O-O 6. Nbd2 c5 7. c3 Qc7 8. Ne5
Nfd7 9. f4 f6 10. Nef3 e5 11. fxe5 fxe5 12. Qb3 c4 13. Qb5 Nb6 14. Bxe5 Bd7 15.
Bxd6 Qxd6 16. Qc5 Qe6 17. O-O-O Na6 18. Qa5 Qxe3 19. Re1 Qh6 20. Be2 Bf5 21. Ne5
Nb8 22. Bf3 Qd6 23. Qc5 Qd8 24. Rhf1 Na6 25. Qa3 Nc7 26. g4 Be6 27. Qc5 Rc8 28.
Qa5 Qd6 29. Qc5 Qd8 30. Qa5 Nd7 31. Qa3 Nxe5 32. Rxe5 Qd7 1-0

[Event "Mondiale Lampo FIDE 2019"]
[Site "Mosca"]
[Date "30.12.2019"]
[Round "16.79"]
[White "Afanasiev, Nikita"]
[Black "Triapishko, Alexandr"]
[Result "1-0"]
[WhiteTitle "IM"]
[BlackTitle "IM"]
[WhiteElo "2517"]
[BlackElo "2502"]
[WhiteFideId "24183555"]
[BlackFideId "14122286"]
[EventDate "2019.12.29"]

1. Nf3 d5 2. e3 Nf6 3. c4 e6 4. b3 b6 5. Bb2 Bb7 6. cxd5 exd5 7. Nc3 a6 8. d4
Bd6 9. g3 O-O 10. Bg2 Nbd7 11. O-O Qe7 12. a4 Ne4 13. Ne2 a5 14. Nf4 Rfe8 15.
Nd3 Rad8 16. Rc1 g6 17. Re1 f6 18. Qc2 Rc8 19. Qb1 Nf8 20. h4 Ne6 21. Bh3 Rcd8
22. Bg2 Rc8 23. Re2 Ba6 24. Ree1 Bb7 25. Qc2 Qf7 26. Nd2 Nxd2 27. Qxd2 Ng7 28.
Bc3 Ba6 29. Nf4 Bb7 30. b4 axb4 31. Bxb4 Bxf4 32. exf4 Nf5 33. Bh3 Qd7 34. a5
Rxe1+ 35. Rxe1 Re8 36. Rxe8+ Qxe8 37. axb6 cxb6 38. Bg2 Qc6 39. Bf1 Kf7 40. Ba3
Bc8 41. Qb4 Qd7 42. Qf8+ Ke6 43. Qg8+ Qf7 44. Qxc8+ Qd7 45. Qc3 Kf7 46. Qb4 Qd8
47. Bd3 h5 48. Qb1 Qa8 49. Qb4 Qd8 50. Kg2 Ke6 51. Bb2 Kf7 52. Qb5 Ke6 53. Qc6+
Kf7 54. Ba6 Ne7 55. Qc3 Nf5 56. Bd3 Ke6 57. Qb4 Kf7 58. Qb5 Ke6 59. Qc6+ Kf7 60.
Qb7+ Ke6 61. Ba3 Nxd4 62. Bxg6 Qg8 63. Qxb6+ Kd7 64. Qxd4 1-0

[Event "Mondiale Lampo FIDE 2019"]
[Site "Mosca"]
[Date "30.12.2019"]
[Round "16.80"]
[White "Tsoi, Dmitry"]
[Black "Popov, Ivan RUS"]
[Result "0-1"]
[WhiteTitle "FM"]
[BlackTitle "GM"]
[WhiteElo "2321"]
[BlackElo "2636"]
[WhiteFideId "24194697"]
[BlackFideId "4170350"]
[EventDate "2019.12.29"]

1. f4 c5 2. g3 g6 3. Bg2 Bg7 4. Nf3 Nc6 5. O-O d5 6. c3 Nf6 7. d3 O-O 8. h3 b5
9. Be3 Nd7 10. Qe1 Bb7 11. Bf2 b4 12. e4 bxc3 13. Nxc3 d4 14. Na4 Nb4 15. Qd2
Bc6 16. Nxc5 Nxc5 17. Qxb4 Nxd3 18. Qc4 Bxe4 19. Nd2 Bxg2 20. Kxg2 Nxb2 21. Qa6
Qd5+ 0-1

[Event "Mondiale Lampo FIDE 2019"]
[Site "Mosca"]
[Date "30.12.2019"]
[Round "16.81"]
[White "Shcherbakov, Ruslan"]
[Black "Tregubov, Pavel V."]
[Result "1/2-1/2"]
[WhiteTitle "GM"]
[BlackTitle "GM"]
[WhiteElo "2527"]
[BlackElo "2588"]
[WhiteFideId "4102240"]
[BlackFideId "4115341"]
[EventDate "2019.12.29"]

1. e4 e5 2. Nf3 Nf6 3. Nxe5 d6 4. Nf3 Nxe4 5. d4 d5 6. Bd3 Bd6 7. O-O O-O 8. c4
c6 9. Nc3 Nxc3 10. bxc3 dxc4 11. Bxc4 Bf5 12. Bg5 Qa5 13. Bd3 h6 14. Bh4 Nd7 15.
Re1 Rfe8 16. Bg3 Bxg3 17. hxg3 Rxe1+ 18. Nxe1 Nb6 19. Nf3 Re8 20. Ne5 Bxd3 21.
Qxd3 Qd5 22. c4 Qe6 23. Rb1 f6 24. Nf3 Re7 25. d5 cxd5 26. c5 Nc4 27. Nd4 Qe4
28. Qxe4 dxe4 29. Rb4 Na5 30. Nf5 Re5 31. Nd6 Rxc5 32. Rxe4 Rc7 33. Re8+ Kh7 34.
g4 Nc4 35. Nf5 Ne5 36. f3 b5 37. Rb8 a6 38. Ra8 g6 39. Nd6 Nc4 40. Ne4 f5 41.
gxf5 gxf5 42. Nf6+ Kg6 43. Rxa6 Kg5 44. Kf2 Ne5 45. Kg3 f4+ 46. Kh3 Rc1 47. Ne4+
Kh5 48. Nf6+ Kg6 49. Nd5+ Kg5 50. Kh2 Nd3 51. Ra8 Ra1 52. Nc3 Nf2 53. Ne4+ Nxe4
54. fxe4 Kg4 55. Rg8+ Kh5 56. Rb8 Rxa2 57. Rxb5+ Kg4 58. Rb8 f3 59. Rg8+ Kh4 60.
e5 f2 61. Rf8 Re2 62. e6 Kg4 63. e7 Rxe7 64. Rxf2 1/2-1/2

[Event "Mondiale Lampo FIDE 2019"]
[Site "Mosca"]
[Date "30.12.2019"]
[Round "16.82"]
[White "Novikov, Stanislav"]
[Black "Ruck, Robert"]
[Result "1/2-1/2"]
[WhiteTitle "GM"]
[BlackTitle "GM"]
[WhiteElo "2531"]
[BlackElo "2530"]
[WhiteFideId "4125371"]
[BlackFideId "705713"]
[EventDate "2019.12.29"]

1. e4 c6 2. d4 d5 3. Nc3 dxe4 4. Nxe4 Bf5 5. Ng3 Bg6 6. h4 h6 7. Nf3 Nd7 8. h5
Bh7 9. Bd3 Bxd3 10. Qxd3 e6 11. Bf4 Qa5+ 12. Bd2 Bb4 13. c3 Be7 14. c4 Qc7 15.
Ne4 Ngf6 16. g3 Nxe4 17. Qxe4 Rd8 18. Qe2 Nf6 19. O-O-O b5 20. c5 Rd5 21. Bf4
Qa5 22. Kb1 O-O 23. Ne5 Qa6 24. g4 Nd7 25. Nf3 Re8 26. Rhg1 e5 27. Nxe5 Bf6 28.
g5 hxg5 29. Bxg5 Bxe5 30. f4 f6 31. Bh6 g5 32. fxe5 Qa4 33. Bxg5 fxg5 34. Rxg5+
Kh8 35. Rdg1 Qxd4 36. Rg6 Nf8 37. Rg8+ Kh7 38. R1g7+ Kh6 39. a3 Qd3+ 40. Qxd3
Rxd3 41. Rxa7 Rd5 42. Rh8+ Kg5 43. Rf7 Rdxe5 44. Rfxf8 Rxf8 45. Rxf8 Rxc5 46.
Rh8 Rc4 47. Ka2 Rc5 48. Kb3 Rc4 49. h6 Kg6 50. Ka2 Rc2 51. Kb3 Rc4 52. a4 Rxa4
53. Rc8 Rc4 54. Rh8 Ra4 55. Kc3 Rc4+ 56. Kd3 Rb4 57. Kc3 Rc4+ 58. Kd3 1/2-1/2

[Event "Mondiale Lampo FIDE 2019"]
[Site "Mosca"]
[Date "30.12.2019"]
[Round "16.83"]
[White "Gasanov, Eldar"]
[Black "Atabayev, Saparmyrat"]
[Result "1-0"]
[WhiteTitle "GM"]
[BlackTitle "IM"]
[WhiteElo "2481"]
[BlackElo "2425"]
[WhiteFideId "14104466"]
[BlackFideId "14000571"]
[EventDate "2019.12.29"]

1. d4 Nf6 2. c4 g6 3. Nc3 Bg7 4. e4 d6 5. Be2 O-O 6. Bg5 c5 7. d5 a6 8. a4 Qa5
9. Bd2 Qc7 10. Nf3 e6 11. O-O exd5 12. cxd5 Bg4 13. Re1 Nbd7 14. h3 Bxf3 15.
Bxf3 Rfe8 16. Qc2 b6 17. Be2 Re7 18. b3 Qb7 19. Rab1 Rc8 20. f4 Ne8 21. Bf1 Nc7
22. Qd3 Bd4+ 23. Kh2 Rce8 24. g3 Nf6 25. Bg2 Nh5 26. e5 Bf2 27. Ne4 Bxe1 28.
Rxe1 Rd8 29. exd6 Rxe4 30. dxc7 Qxc7 31. Qxe4 Nf6 32. Qe5 Qxe5 33. Rxe5 b5 34.
axb5 axb5 35. Be3 c4 36. bxc4 bxc4 37. Bd4 Nd7 38. Re3 Rc8 39. Rc3 Kf8 40. Bf1
Ra8 41. Rxc4 Ra2+ 42. Bg2 Rd2 43. g4 Ke7 44. Bc5+ Kf6 45. Be3 Rd3 46. Bd4+ Ke7
47. g5 Rd2 48. Kg3 Rd3+ 49. Kf2 Rd2+ 50. Kg3 Rd3+ 51. Bf3 Rd2 52. Be5 Rd3 53.
Rc7 Kd8 54. d6 Ra3 55. Kf2 Ra2+ 56. Ke1 Ra3 57. Bg4 Nb6 58. Bf6+ Ke8 59. d7+
Nxd7 60. Rc8# 1-0

[Event "Mondiale Lampo FIDE 2019"]
[Site "Mosca"]
[Date "30.12.2019"]
[Round "16.84"]
[White "Yanchenko, Roman"]
[Black "Lobanov, Sergei"]
[Result "1-0"]
[WhiteTitle "FM"]
[BlackTitle "IM"]
[WhiteElo "2463"]
[BlackElo "2504"]
[WhiteFideId "4137329"]
[BlackFideId "24183750"]
[EventDate "2019.12.29"]

1. d4 Nf6 2. c4 g6 3. Nf3 Bg7 4. Nc3 d5 5. Bf4 O-O 6. c5 b6 7. b4 a5 8. cxb6
cxb6 9. bxa5 Nc6 10. e3 Rxa5 11. Qb3 Ne4 12. Be2 Be6 13. O-O Qa8 14. Rfc1 Ra3
15. Qb2 Nxc3 16. Rxc3 Rxc3 17. Qxc3 Rc8 18. Qb2 Qa5 19. Rb1 h6 20. h3 Kh7 21.
Bd3 Bd7 22. h4 Kg8 23. Qb3 Ra8 24. Bg3 Qxa2 25. Qxa2 Rxa2 26. Rxb6 Ra3 27. Bb5
Rc3 28. Rb7 Bg4 29. Rc7 Bxf3 30. gxf3 Nxd4 31. exd4 Rxc7 32. Bxc7 Bxd4 33. Kg2
Kg7 34. f4 Kf6 35. Bd8 Bb2 36. Kf3 Bc1 37. Bc6 Ke6 38. Bb6 h5 1-0

[Event "Mondiale Lampo FIDE 2019"]
[Site "Mosca"]
[Date "30.12.2019"]
[Round "16.85"]
[White "Carlsson, Pontus"]
[Black "Deviatkin, Andrei"]
[Result "1-0"]
[WhiteTitle "GM"]
[BlackTitle "GM"]
[WhiteElo "2456"]
[BlackElo "2436"]
[WhiteFideId "1705814"]
[BlackFideId "4121260"]
[EventDate "2019.12.29"]

1. e4 c6 2. d3 d5 3. Nd2 e5 4. Ngf3 Bd6 5. d4 exd4 6. exd5 cxd5 7. Bb5+ Nc6 8.
O-O Ne7 9. Nxd4 O-O 10. N2b3 a6 11. Bd3 Ng6 12. Qh5 Nxd4 13. Nxd4 Qf6 14. Nf3 h6
15. Qxd5 Nf4 16. Bxf4 Bxf4 17. Rfe1 Rb8 18. Ne5 Be6 19. Qe4 Rfd8 20. Ng4 Qg5 21.
Qh7+ Kf8 22. Ne3 Be5 23. Nf5 Bxf5 24. Bxf5 Qf6 25. f4 Bd4+ 26. Kh1 g6 27. Qxh6+
Kg8 28. Bd3 Bxb2 29. Rad1 Re8 30. Rf1 Rbd8 31. h4 b5 32. h5 gxh5 33. Qxh5 Qh8
34. Qxh8+ Kxh8 35. Rf3 Kg7 36. g4 Rd4 37. Kg2 Ra4 38. g5 Rxa2 39. f5 f6 40. Rh1
Rh8 41. Rxh8 Kxh8 42. g6 Ra4 43. Rh3+ Kg8 44. Kf3 Be5 45. Rh7 Rf4+ 46. Ke3 Rd4
47. Ra7 Rd6 48. Rb7 Bd4+ 49. Ke4 Be5 50. Ke3 Bd4+ 51. Kf3 Rb6 52. Rd7 Be5 53.
Be4 Rd6 54. Bd5+ Rxd5 55. Rxd5 Bc3 56. Rc5 b4 57. Ke4 Be1 58. Kd3 Kg7 59. Kc4
Kg8 60. Kb3 Kg7 61. Rc7+ Kg8 62. Ra7 1-0

[Event "Mondiale Lampo FIDE 2019"]
[Site "Mosca"]
[Date "30.12.2019"]
[Round "16.86"]
[White "Mesropov, Konstantin"]
[Black "Kovalev, Vladislav"]
[Result "0-1"]
[WhiteTitle "IM"]
[BlackTitle "GM"]
[WhiteElo "2422"]
[BlackElo "2662"]
[WhiteFideId "4116887"]
[BlackFideId "13504398"]
[EventDate "2019.12.29"]

1. d4 Nf6 2. Bg5 c5 3. Bxf6 gxf6 4. d5 Qb6 5. Qc1 Bg7 6. c4 f5 7. Nc3 d6 8. e3
Nd7 9. Nh3 Nf6 10. Qc2 Ne4 11. Nxe4 fxe4 12. O-O-O Qa5 13. Kb1 b5 14. cxb5 a6
15. b6 Rb8 16. Bc4 Qxb6 17. b3 a5 18. Nf4 a4 19. Qxe4 axb3 20. Bxb3 Qa5 21. Kc1
Ba6 22. Qa4+ Qxa4 23. Bxa4+ Kd8 24. Rd2 Rb4 25. Bb3 c4 26. Bd1 Kc7 27. Rc2 c3
28. a3 Rb6 29. Ne2 Bd3 30. Rxc3+ Bxc3 31. Nxc3 Ra8 32. Kd2 Bc4 33. Bc2 Rxa3 34.
Rc1 Rb2 35. e4 Kd8 36. f4 h6 37. g4 Ba6 38. h4 Ke8 39. h5 Kf8 40. g5 Kg7 41. Rg1
Bc4 42. e5 Bb3 43. gxh6+ Kxh6 44. Rc1 Kxh5 45. Nb5 Raa2 46. Nd4 Bxc2 47. Nxc2
Kg4 48. exd6 exd6 0-1

[Event "Mondiale Lampo FIDE 2019"]
[Site "Mosca"]
[Date "30.12.2019"]
[Round "16.87"]
[White "Gurvich, Vitaly"]
[Black "Moiseenko, Vadim"]
[Result "1-0"]
[WhiteTitle "FM"]
[BlackTitle "GM"]
[WhiteElo "2230"]
[BlackElo "2526"]
[WhiteFideId "24164852"]
[BlackFideId "4123700"]
[EventDate "2019.12.29"]

1. d4 Nf6 2. c4 g6 3. Nc3 Bg7 4. e4 d6 5. Be2 O-O 6. Bg5 h6 7. Be3 c5 8. d5 Nbd7
9. Nf3 Ng4 10. Bd2 Nde5 11. Nxe5 Nxe5 12. f4 Nd7 13. O-O Rb8 14. Be3 a6 15. a4
Re8 16. Qd2 Kh7 17. Kh1 e6 18. dxe6 Rxe6 19. f5 Re8 20. fxg6+ fxg6 21. Bxh6 Ne5
22. Bg5 Qa5 23. Bf6 Be6 24. Bxg7 Kxg7 25. Qxd6 Nf7 26. Qf4 Qd8 27. Rad1 Qg5 28.
Qxg5 Nxg5 29. b3 Rh8 30. Kg1 Rh4 31. Bf3 Rbh8 32. Kf2 Rxh2 33. Ke3 R2h4 34. Rd6
Re8 35. a5 Nf7 36. Rdd1 g5 37. Nd5 Reh8 38. Nc7 Bc8 39. Rd5 g4 40. Be2 Rh2 41.
Rg1 R2h5 42. Kf4 Rh4 43. Rxc5 g3+ 44. Ke3 R8h6 45. Bf3 b6 46. axb6 Rxb6 47. Ne8+
Kg6 48. Rxc8 Rxb3+ 49. Kd4 a5 50. Rc6+ Kg5 51. Rc5+ Kg6 52. Rxa5 Rh8 53. Ra6+
Kg5 54. Nd6 Rd8 55. e5 Kf4 56. Rf1 Nxe5 57. Bd5+ Kg5 58. Kxe5 Rd7 59. Ne4+ Kg4
60. Rf4+ Kh5 61. Nf6+ Kg5 62. Nxd7 1-0

[Event "Mondiale Lampo FIDE 2019"]
[Site "Mosca"]
[Date "30.12.2019"]
[Round "16.88"]
[White "Kryakvin, Dmitry"]
[Black "Tsvetkov, Andrey"]
[Result "1/2-1/2"]
[WhiteTitle "GM"]
[BlackTitle "FM"]
[WhiteElo "2596"]
[BlackElo "2350"]
[WhiteFideId "4153278"]
[BlackFideId "34139360"]
[EventDate "2019.12.29"]

1. d4 d5 2. c4 e6 3. Nf3 Nf6 4. Bg5 h6 5. Bxf6 Qxf6 6. e3 c6 7. Nbd2 g6 8. Bd3
Bg7 9. O-O O-O 10. b4 Nd7 11. Rb1 Qe7 12. a4 b6 13. a5 bxa5 14. bxa5 c5 15. cxd5
exd5 16. Bb5 Nf6 17. dxc5 Qxc5 18. Nd4 Bg4 19. Qa4 Rac8 20. h3 Be6 21. Nxe6 fxe6
22. Nf3 Qd6 23. Bd3 g5 24. Rb7 Rc7 25. a6 Rfc8 26. Rxc7 Rxc7 27. Rb1 Rc8 28. g3
e5 29. Bf5 Rf8 30. Rb7 Nh5 31. g4 Nf6 32. Rxa7 d4 33. exd4 exd4 34. Qxd4 Qc6 35.
Qe3 Re8 36. Re7 Rxe7 37. Qxe7 Qxa6 38. Ne5 Qa1+ 39. Kh2 Qxe5+ 40. Qxe5 Nxg4+ 1/2-1/2

[Event "Mondiale Lampo FIDE 2019"]
[Site "Mosca"]
[Date "30.12.2019"]
[Round "16.89"]
[White "Yagupov, Igor"]
[Black "Rozum, Ivan"]
[Result "0-1"]
[WhiteTitle "GM"]
[BlackTitle "GM"]
[WhiteElo "2357"]
[BlackElo "2573"]
[WhiteFideId "4113632"]
[BlackFideId "24104272"]
[EventDate "2019.12.29"]

1. e4 d5 2. exd5 Qxd5 3. Nc3 Qd8 4. d4 c6 5. Bc4 Bf5 6. g4 Bg6 7. h4 h5 8. g5 e6
9. Nge2 Bd6 10. Bf4 Ne7 11. Qd2 Qc7 12. O-O-O Nd7 13. Bb3 O-O-O 14. Bxd6 Qxd6
15. Qf4 Nb6 16. Qxd6 Rxd6 17. Nf4 Bf5 18. f3 Nd7 19. Ne4 Bxe4 20. fxe4 e5 21.
dxe5 Rxd1+ 22. Kxd1 Nxe5 23. Nd3 N7g6 24. Nxe5 Nxe5 25. Ke2 Kd7 26. Rf1 Rf8 27.
Ke3 Ke7 28. Rh1 Rd8 29. Kf4 Ng6+ 30. Ke3 Ne5 31. Kf4 Ng4 32. Rf1 Rd2 33. Kg3 f6
34. gxf6+ Nxf6 35. e5 Ne4+ 36. Kf4 Nc5 37. Rg1 Nxb3 38. cxb3 Kf7 39. e6+ Kf6 40.
Re1 Rd4+ 41. Kg3 Ke7 42. Re5 Rg4+ 43. Kh3 g6 44. a3 Rg1 45. b4 Rh1+ 46. Kg3 Rd1
47. Rg5 Rd3+ 48. Kf4 Rd4+ 49. Kg3 Rd3+ 50. Kf4 Rd4+ 51. Kg3 Kf6 52. Re5 Rd8 53.
Re2 Re8 54. Rd2 Rxe6 55. Rd7 Re7 56. Rd6+ Kf5 57. Kf3 a6 58. Rd8 Ke5 59. Ke3
Kf5+ 60. Kf3 Rf7 61. Re8 Rd7 62. Rf8+ Ke6 63. Ke3 Ke7 64. Rg8 Kf7 65. Rb8 Kf6
66. Rf8+ Ke5 67. Rf1 Re7 68. Kd3 Rg7 69. Kc4 g5 70. hxg5 Rxg5 71. Kc5 Rg7 72.
Rh1 Rh7 73. Kb6 h4 74. Rh3 0-1

[Event "Mondiale Lampo FIDE 2019"]
[Site "Mosca"]
[Date "30.12.2019"]
[Round "16.90"]
[White "Faizrakhmanov, Ramil"]
[Black "Krsnik Cohar, Ivan Vihor"]
[Result "1/2-1/2"]
[WhiteTitle "IM"]
[BlackTitle "FM"]
[WhiteElo "2434"]
[BlackElo "2313"]
[WhiteFideId "24103209"]
[BlackFideId "14520044"]
[EventDate "2019.12.29"]

1. d4 d5 2. c4 Bf5 3. cxd5 Bxb1 4. Qa4+ c6 5. Rxb1 Qxd5 6. e3 Nd7 7. Nf3 e6 8.
Be2 Bd6 9. O-O Qh5 10. h3 g5 11. Qc2 g4 12. Nd2 Ngf6 13. Ne4 Nxe4 14. Qxe4 Nf6
15. Bxg4 Qg5 16. Qf3 h5 17. Bxe6 fxe6 18. e4 Qg6 19. e5 Nd5 20. exd6 Qxb1 21.
d7+ Kxd7 22. Qf7+ Ne7 23. Qxe7+ Kxe7 24. Bg5+ Kd7 25. Rxb1 Raf8 26. f4 Rhg8 27.
g4 hxg4 28. hxg4 Rxf4 29. Bxf4 Rxg4+ 30. Kf2 Rxf4+ 31. Ke3 Rh4 32. Kd3 Kd6 33.
Rg1 b5 34. a3 Rh3+ 35. Kc2 Kd5 36. Re1 Rh5 37. Kc3 a5 38. Re2 a4 39. Re1 Rh3+
40. Kc2 Rh6 41. Kc3 Rg6 42. Re5+ Kd6 43. Kc2 Rg4 44. Kc3 Rg3+ 45. Kc2 Rf3 46.
Re2 Rf5 47. Kc3 Kd5 48. Re3 Rh5 49. Re2 Rh3+ 50. Kc2 Kxd4 51. Rxe6 Rh2+ 52. Kb1
c5 53. Rg6 Re2 54. Rg4+ Re4 55. Rg5 Kc4 56. Ka2 b4 57. axb4 cxb4 58. b3+ axb3+
59. Kb2 Re2+ 60. Kb1 Rd2 61. Rg3 Rd3 62. Rg7 Rd5 63. Kb2 Rd2+ 64. Kb1 b2 65. Rg3
Kb5 66. Rh3 Ka4 67. Rg3 Rh2 68. Rf3 Rd2 69. Rg3 Kb5 70. Rh3 Kc4 71. Rg3 Rf2 72.
Rh3 Rd2 73. Rg3 Rd3 74. Rxd3 Kxd3 75. Kxb2 Kc4 76. Kc2 b3+ 77. Kb2 Kb4 78. Kb1
Ka3 79. Ka1 b2+ 80. Kb1 Kb3 1/2-1/2

[Event "Mondiale Lampo FIDE 2019"]
[Site "Mosca"]
[Date "30.12.2019"]
[Round "16.91"]
[White "Potkin, Vladimir"]
[Black "Tengis, Tsog-Ochir"]
[Result "1-0"]
[WhiteTitle "GM"]
[BlackTitle "FM"]
[WhiteElo "2583"]
[BlackElo "2190"]
[WhiteFideId "4131061"]
[BlackFideId "4902718"]
[EventDate "2019.12.29"]

1. c4 Nf6 2. Nc3 d5 3. cxd5 Nxd5 4. Nf3 g6 5. h4 h5 6. d4 Bg7 7. e4 Nxc3 8. bxc3
c5 9. Be3 Bg4 10. Qb3 Bxf3 11. gxf3 O-O 12. d5 Nd7 13. Rc1 b6 14. c4 e5 15. dxe6
fxe6 16. Rd1 Qe7 17. f4 Rad8 18. e5 Bh6 19. Qc2 Kh7 20. Qe4 Qf7 21. Rg1 Rfe8 22.
Bd3 Nf8 23. Ke2 Rd7 24. Bc2 Red8 25. Rxd7 Rxd7 26. Qf3 Kh8 27. Qc6 Bxf4 28. Qe4
Bxe3 29. fxe3 Kg7 30. Rf1 Qe8 31. Rf6 Qd8 32. Ke1 b5 33. Qf4 Qa5+ 34. Kf1 Qd8
35. Qg5 Kg8 36. Bxg6 Rd1+ 37. Kg2 Rd2+ 38. Kg3 Nxg6 39. Rxg6+ Kf8 40. Qh6+ Ke8
41. Rg8+ Kd7 42. Rxd8+ 1-0